000 01508nam a2200421 c 4500
001 20023
003 ES-MaCES
005 20141221122635.0
008 070507s2006 sp t o000 | spa d
017 _aM 51919-2006
_bDL
020 _a8496518876
020 _a9788496518872
035 _aCES20070005230m
040 _aES-MaCES
_bspa
_cES-MaCES
245 0 3 _aLa violencia de género
_b: Ley de protección integral, implantación y estudio de la problemática de su desarrollo
_cdirectoras, Lourdes García Ortiz, Begoña López Anguita
260 _aMadrid
_bConsejo General del Poder Judicial
_c[2006]
300 _a391 p.
_c22 cm
490 1 _aCuadernos de derecho judicial
_v4-2006
504 _aBibliografía
541 _cGratuito
610 1 4 _aEspaña
_tLey orgánica de medidas de protección integral contra la violencia de género
_d2004
_93172
650 4 _amujeres
_928657
650 4 _aviolencia
_929388
650 4 _amalos tratos
_930808
650 4 _aderechos de la mujer
_927173
650 4 _aderecho penal
_927159
650 4 _alegislación
_927153
650 4 _aEspaña
_926964
650 4 _acomentario
_928971
653 1 0 _aMujer
700 1 _aGarcía Ortiz, Lourdes
_edir.
_913012
700 1 _aLópez Anguita, Begoña
_edir.
_916827
710 1 _aEspaña
_bConsejo General del Poder Judicial
_eed.
_92750
830 0 _aCuadernos de derecho judicial
_v4-2006
_932957
902 _aLIB Libro
942 _2CES
_cBK
_h3.3.
999 _c20023
_d20023